[Event "URU-ch 94th"]
[Site "Montevideo"]
[Date "2024.03.29"]
[Round "10"]
[White "Elena, Eduardo"]
[Black "Larrea, Manuel"]
[Result "0-1"]
[WhiteElo "1972"]
[BlackElo "2249"]
[PlyCount "92"]
[EventDate "2024.03.23"]
[EventType "tourn"]
[EventRounds "11"]
[EventCountry "URU"]
[SourceTitle "CB14_2024"]
[SourceDate "2024.04.01"]
[SourceVersion "1"]
[SourceVersionDate "2024.04.01"]
[SourceQuality "1"]

1. e4 c5 2. Nf3 Nc6 3. d4 cxd4 4. Nxd4 Nf6 5. Nc3 d6 6. Bg5 e6 7. Qd2 Be7 8. 0-0-0 0-0 9. f4 Nxd4 10. Qxd4 Qa5 11. Be2 Bd7 12. h4 Bc6 13. Rh3 Rfd8 14. f5 exf5 15. exf5 Qxf5 16. Bd3 Qe5 17. Qg1 d5 18. Re3 Ne4 19. Bxe7 Qxe7 20. Qe1 f5 21. Rf3 g6 22. Ne2 Qg7 23. c3 Rac8 24. Kb1 Ba4 25. Rc1 Qh6 26. Nf4 Re8 27. Ka1 Nxc3 28. Qd2 Ne4 29. Bxe4 Rxc1+ 30. Qxc1 fxe4 31. Rf1 Bc6 32. g3 Qg7 33. Rd1 Qe5 34. Qe3 a5 35. Qc5 a4 36. a3 e3 37. Ne2 Qh5 38. Re1 Qf3 39. Qd4 Qe4 40. Qc3 Bb5 41. Nd4 Bc4 42. h5 gxh5 43. Ne2 Bxe2 44. Rxe2 d4 45. Qc4+ Kh8 46. Rh2 e2 0-1

[Event "URU-ch 94th"]
[Site "Montevideo"]
[Date "2024.03.24"]
[Round "2"]
[White "Larrea, Manuel"]
[Black "Genta, Alejandro"]
[Result "1-0"]
[WhiteElo "2249"]
[BlackElo "2064"]
[PlyCount "85"]
[EventDate "2024.03.23"]
[EventType "tourn"]
[EventRounds "11"]
[EventCountry "URU"]
[SourceTitle "CB14_2024"]
[SourceDate "2024.04.01"]
[SourceVersion "1"]
[SourceVersionDate "2024.04.01"]
[SourceQuality "1"]

1. e4 d6 2. d4 Nf6 3. Nc3 g6 4. Be3 Bg7 5. Qd2 c6 6. 0-0-0 b5 7. Bd3 Ng4 8. f4 0-0 9. Nf3 b4 10. Ne2 Nd7 11. Bg1 a5 12. h3 Ngf6 13. g4 Nb6 14. Ng3 Qc7 15. g5 Nfd7 16. h4 c5 17. h5 c4 18. Bf1 d5 19. e5 e6 20. Qh2 Re8 21. hxg6 hxg6 22. Qh7+ Kf8 23. Nh2 Ba6 24. Ng4 Nc8 25. Nf6 Ne7 26. Nxe8 Rxe8 27. Qh2 a4 28. Kb1 Ra8 29. Be3 Nb8 30. Qf2 Nbc6 31. Rh7 Na7 32. Be2 Ng8 33. Rdh1 Nc6 34. Bc1 Bc8 35. Bg4 Nce7 36. Qh2 Qb6 37. Rxg7 Kxg7 38. Qh8+ Kf8 39. Rh7 Qxd4 40. Qg7+ Ke8 41. Qxf7+ Kd8 42. Qf8+ Kd7 43. Qxg8 1-0

[Event "Punta del Este Alekhiine op 1st"]
[Site "Punta del Este"]
[Date "2024.03.08"]
[Round "1"]
[White "Larrea, Manuel"]
[Black "Estoyanoff, German"]
[Result "1-0"]
[WhiteElo "2249"]
[BlackElo "1769"]
[PlyCount "101"]
[EventDate "2024.03.08"]
[EventType "swiss"]
[EventRounds "5"]
[EventCountry "URU"]
[SourceTitle "CB13_2024"]
[SourceDate "2024.03.27"]
[SourceVersion "1"]
[SourceVersionDate "2024.03.27"]
[SourceQuality "1"]

1. d4 d5 2. c4 Nf6 3. Nc3 e6 4. Nf3 Nbd7 5. Bg5 h6 6. Bh4 Be7 7. e3 c5 8. cxd5 cxd4 9. dxe6 dxc3 10. exd7+ Bxd7 11. bxc3 Rc8 12. Be2 Rxc3 13. Qd4 Qa5 14. 0-0 Qc5 15. Rfd1 Bc6 16. Ne5 0-0 17. Nxc6 Qxc6 18. Bf3 Qc7 19. Bg3 Qa5 20. Bxb7 Rd8 21. Qe5 Rxd1+ 22. Rxd1 Rd3 23. Rf1 Qxe5 24. Bxe5 Nd7 25. Bd4 Nc5 26. Bf3 Rd2 27. Ra1 Nd3 28. Rd1 Rxd1+ 29. Bxd1 Nb4 30. Bb3 Nc6 31. Bb2 Kf8 32. Kf1 Bd6 33. f4 g5 34. g3 Ke7 35. Bg7 gxf4 36. gxf4 h5 37. Bc3 Nb4 38. Ke2 Na6 39. Bd4 Nc5 40. Bc2 a5 41. Kd2 Ke6 42. Bd1 Ne4+ 43. Kc2 h4 44. Be2 f5 45. Ba6 Kd7 46. Bd3 Ke6 47. Bxe4 fxe4 48. h3 Kd5 49. Bf6 Bc5 50. Kd2 Bb4+ 51. Ke2 1-0

[Event "URU-ch sf"]
[Site "Montevideo"]
[Date "2024.02.10"]
[Round "2"]
[White "Larrea, Manuel"]
[Black "Elena, Eduardo"]
[Result "1-0"]
[WhiteElo "2260"]
[BlackElo "1925"]
[PlyCount "39"]
[EventDate "2024.02.09"]
[EventType "swiss"]
[EventRounds "7"]
[EventCountry "URU"]
[SourceTitle "CB08_2024"]
[SourceDate "2024.02.21"]
[SourceVersion "1"]
[SourceVersionDate "2024.02.21"]
[SourceQuality "1"]

1. e4 c5 2. Nf3 Nc6 3. d4 cxd4 4. Nxd4 e5 5. Nb5 a6 6. Nd6+ Bxd6 7. Qxd6 Qf6 8. Qxf6 Nxf6 9. Nc3 d5 10. exd5 Nb4 11. Bd3 Nxd3+ 12. cxd3 Bf5 13. Bg5 Bxd3 14. 0-0-0 Bg6 15. f4 Ng4 16. Rhe1 Nf2 17. Rxe5+ Kd7 18. Re7+ Kd6 19. Rxb7 Nxd1 20. Be7# 1-0

[Event "URU-ch sf"]
[Site "Montevideo"]
[Date "2024.02.09"]
[Round "1"]
[White "Donatti, Sofia"]
[Black "Larrea, Manuel"]
[Result "0-1"]
[WhiteElo "1746"]
[BlackElo "2260"]
[PlyCount "64"]
[EventDate "2024.02.09"]
[EventType "swiss"]
[EventRounds "7"]
[EventCountry "URU"]
[SourceTitle "CB08_2024"]
[SourceDate "2024.02.21"]
[SourceVersion "1"]
[SourceVersionDate "2024.02.21"]
[SourceQuality "1"]

1. e4 c5 2. d4 cxd4 3. c3 Nf6 4. e5 Nd5 5. cxd4 d6 6. Nf3 Nc6 7. Bc4 e6 8. 0-0 Be7 9. Nbd2 dxe5 10. dxe5 Nb6 11. Bb3 0-0 12. Qe2 Qc7 13. Nc4 Rd8 14. Nxb6 axb6 15. Bf4 Bd7 16. Bc2 Nb4 17. Bb1 Bc6 18. Ng5 h6 19. Ne4 Ra5 20. Nd6 Bf8 21. Qg4 Kh8 22. Bg5 Rxd6 23. Qxb4 Rxe5 24. Bf4 Rb5 25. Qc3 Rc5 26. Qg3 g5 27. Bxd6 Bxd6 28. Qh3 Kg7 29. b4 Rc4 30. a3 Rh4 31. Qd3 Bxh2+ 32. Kh1 Bg1+ 0-1

[Event "Montevideo Duchamp Cup 7th"]
[Site "Montevideo"]
[Date "2024.02.06"]
[Round "6"]
[White "Larrea, Manuel"]
[Black "Munoz Perez, Rolando"]
[Result "1/2-1/2"]
[WhiteElo "2260"]
[BlackElo "2123"]
[PlyCount "47"]
[EventDate "2024.02.01"]
[EventType "swiss"]
[EventRounds "9"]
[EventCountry "URU"]
[SourceTitle "CB07_2024"]
[SourceDate "2024.02.14"]
[SourceVersion "1"]
[SourceVersionDate "2024.02.14"]
[SourceQuality "1"]

1. e4 e5 2. Nf3 d6 3. d4 Nf6 4. dxe5 Nxe4 5. Qd5 Nc5 6. Bg5 Qd7 7. exd6 Bxd6 8. Nc3 Qe6+ 9. Be2 Qxd5 10. Nxd5 Ne6 11. Be3 Nc6 12. 0-0-0 Bd7 13. Nd2 0-0-0 14. Ne4 Bf8 15. Rd2 f5 16. Ng5 Nxg5 17. Bxg5 Re8 18. Bh5 g6 19. Nf6 Be7 20. Rxd7 Bxf6 21. Bxf6 Kxd7 22. Rd1+ Kc8 23. Bxh8 Rxh8 24. Bf3 1/2-1/2

[Event "Montevideo Duchamp Cup 7th"]
[Site "Montevideo"]
[Date "2024.02.05"]
[Round "5"]
[White "Roselli Mailhe, Bernardo"]
[Black "Larrea, Manuel"]
[Result "1-0"]
[WhiteElo "2359"]
[BlackElo "2260"]
[PlyCount "87"]
[EventDate "2024.02.01"]
[EventType "swiss"]
[EventRounds "9"]
[EventCountry "URU"]
[SourceTitle "CB07_2024"]
[SourceDate "2024.02.14"]
[SourceVersion "1"]
[SourceVersionDate "2024.02.14"]
[SourceQuality "1"]

1. d4 Nf6 2. Nf3 g6 3. Nc3 d5 4. Bf4 Bg7 5. e3 0-0 6. Be2 b6 7. Ne5 Bb7 8. h4 Nbd7 9. h5 c5 10. Qd2 a6 11. 0-0-0 b5 12. hxg6 fxg6 13. Bf3 b4 14. Ne2 a5 15. Kb1 e6 16. Qe1 Qe7 17. Qg1 b3 18. cxb3 a4 19. Qh2 axb3 20. axb3 cxd4 21. exd4 Ra6 22. g4 Rfa8 23. g5 Nh5 24. Bxh5 Nxe5 25. Bxe5 gxh5 26. Bxg7 Qxg7 27. Qxh5 Bc6 28. Qh6 Be8 29. Qxg7+ Kxg7 30. Nf4 Bg6+ 31. Nxg6 Kxg6 32. Rh6+ Kxg5 33. Rxh7 Ra1+ 34. Kc2 Rc8+ 35. Kd2 Ra2 36. Rb1 Rf8 37. Ke2 Rb8 38. Rh3 Rb4 39. Rd3 Kf4 40. Kd2 Ra6 41. Rh1 Rab6 42. Rhh3 Ke4 43. Rhf3 R4b5 44. Rf8 1-0

[Event "Montevideo Duchamp Cup 7th"]
[Site "Montevideo"]
[Date "2024.02.02"]
[Round "2"]
[White "Larrea, Manuel"]
[Black "Martello, Benjamin"]
[Result "1-0"]
[WhiteElo "2260"]
[BlackElo "1858"]
[PlyCount "91"]
[EventDate "2024.02.01"]
[EventType "swiss"]
[EventRounds "9"]
[EventCountry "URU"]
[SourceTitle "CB07_2024"]
[SourceDate "2024.02.14"]
[SourceVersion "1"]
[SourceVersionDate "2024.02.14"]
[SourceQuality "1"]

1. e4 c5 2. Nc3 Nc6 3. Bb5 Nd4 4. Nf3 a6 5. Bc4 b5 6. Bd5 Rb8 7. Nxd4 cxd4 8. Ne2 e6 9. Bb3 Bb7 10. d3 Bc5 11. Nf4 Bb4+ 12. Kf1 Qf6 13. Qg4 Ne7 14. h4 Nc6 15. Nh5 Qg6 16. Qe2 Ne5 17. Rh3 Qg4 18. Bf4 Qxe2+ 19. Kxe2 Bd6 20. Nxg7+ Ke7 21. Nh5 f6 22. Rg3 Rbg8 23. c3 Rxg3 24. Nxg3 Ng6 25. Bxd6+ Kxd6 26. cxd4 Nxh4 27. Nh5 f5 28. g3 Ng6 29. f3 Rg8 30. Nf6 Rf8 31. e5+ Ke7 32. Rh1 Rh8 33. Rxh7+ Rxh7 34. Nxh7 f4 35. Kf2 d6 36. exd6+ Kxd6 37. Nf6 e5 38. d5 fxg3+ 39. Kxg3 Nf4 40. Ne4+ Ke7 41. d6+ Kd8 42. Nc5 Bc8 43. Kf2 a5 44. a4 bxa4 45. Bxa4 Nd5 46. d7 1-0

[Event "Maldonado IM 3rd"]
[Site "Maldonado"]
[Date "2023.12.06"]
[Round "4"]
[White "Larrea, Manuel"]
[Black "Hoffman, Alejandro"]
[Result "0-1"]
[WhiteElo "2259"]
[BlackElo "2354"]
[PlyCount "66"]
[EventDate "2023.12.04"]
[EventType "tourn"]
[EventRounds "9"]
[EventCountry "URU"]
[EventCategory "1"]
[SourceTitle "CB50_2023"]
[SourceDate "2023.12.13"]
[SourceVersion "1"]
[SourceVersionDate "2023.12.13"]
[SourceQuality "1"]

1. e4 e6 2. d4 d5 3. Nc3 dxe4 4. Nxe4 Nd7 5. Nf3 Ngf6 6. Bd3 c5 7. 0-0 cxd4 8. Bg5 Be7 9. Qe2 Nxe4 10. Bxe7 Qxe7 11. Qxe4 a6 12. Rad1 Qf6 13. b4 g6 14. Nxd4 0-0 15. f4 Nb6 16. Rde1 Bd7 17. b5 axb5 18. Bxb5 Rxa2 19. Bxd7 Nxd7 20. f5 gxf5 21. Nxf5 exf5 22. Rxf5 Qb6+ 23. Kh1 Nf6 24. Qh4 Ne8 25. Qc4 Ra5 26. Rf3 Ng7 27. Ref1 Qe6 28. Qb4 b6 29. h3 Rg5 30. Rb1 Qe2 31. Rg1 Rg6 32. Qc3 Ne6 33. Re3 Qf2 0-1

[Event "Buenos Aires Bandera Rosario"]
[Site "Buenos Aires"]
[Date "2023.06.23"]
[Round "9"]
[White "Larrea, Manuel"]
[Black "Abramor, Franco"]
[Result "0-1"]
[WhiteElo "2289"]
[BlackElo "2080"]
[PlyCount "78"]
[EventDate "2023.06.19"]
[EventType "tourn"]
[EventRounds "9"]
[EventCountry "ARG"]
[EventCategory "2"]
[SourceTitle "CBM 215 Extra"]
[Source "ChessBase"]
[SourceDate "2023.09.30"]
[SourceVersion "1"]
[SourceVersionDate "2023.09.30"]
[SourceQuality "1"]

1. e4 e5 2. Nf3 Nc6 3. Bc4 Bc5 4. c3 Nf6 5. d3 d6 6. a4 a5 7. 0-0 0-0 8. Bg5 h6 9. Bh4 Ba7 10. Na3 g5 11. Bg3 Nh7 12. Nc2 h5 13. h4 Bg4 14. Ne3 Bxf3 15. Qxf3 gxh4 16. Bh2 Qg5 17. Nf5 Nf6 18. Kh1 Ng4 19. Bg1 Kh8 20. Qh3 Ne7 21. Nxh4 f5 22. Nf3 Qh6 23. Rae1 Ng6 24. d4 c6 25. dxe5 fxe4 26. Rxe4 Nf4 27. Rxf4 Rxf4 28. Bd3 dxe5 29. Nh4 Rg8 30. f3 Bxg1 31. Kxg1 Ne3 32. Rf2 Rxa4 33. Nf5 Nxf5 34. Qxf5 Qc1+ 35. Bf1 Qg5 36. Qe6 Ra1 37. Re2 a4 38. g4 Qf4 39. Rh2 Rxg4+ 0-1

[Event "Buenos Aires Bandera Rosario"]
[Site "Buenos Aires"]
[Date "2023.06.22"]
[Round "7"]
[White "Larrea, Manuel"]
[Black "Romero Barreto, Jaime Jose"]
[Result "0-1"]
[WhiteElo "2289"]
[BlackElo "2361"]
[PlyCount "104"]
[EventDate "2023.06.19"]
[EventType "tourn"]
[EventRounds "9"]
[EventCountry "ARG"]
[EventCategory "2"]
[SourceTitle "CBM 215 Extra"]
[Source "ChessBase"]
[SourceDate "2023.09.30"]
[SourceVersion "1"]
[SourceVersionDate "2023.09.30"]
[SourceQuality "1"]

1. e4 c5 2. Nf3 Nc6 3. c3 Nf6 4. e5 Nd5 5. d4 cxd4 6. cxd4 d6 7. Bc4 dxe5 8. dxe5 Nb6 9. Qxd8+ Nxd8 10. Bb3 Be6 11. Nc3 a6 12. 0-0 Bxb3 13. axb3 e6 14. Rd1 Nc6 15. Be3 Nd7 16. Nb5 Rc8 17. Na7 Nxa7 18. Bxa7 Bb4 19. Rac1 Ke7 20. Be3 h6 21. Rc4 Rxc4 22. bxc4 Rc8 23. b3 Rd8 24. Rd3 Ba3 25. Kf1 Bb2 26. Bf4 Nc5 27. Rxd8 Kxd8 28. b4 Nd3 29. Bd2 Nxe5 30. Nxe5 Bxe5 31. f4 Bd4 32. Ke2 Kd7 33. Kd3 Bg1 34. h3 f5 35. g4 g6 36. Bc3 Kc6 37. Bg7 fxg4 38. hxg4 h5 39. gxh5 gxh5 40. Bf6 Bf2 41. Ke2 Bg3 42. Kf3 Be1 43. Be7 b5 44. Ke2 Bc3 45. Kd3 Bb2 46. Bh4 Ba3 47. Kc3 Bc1 48. Bg3 bxc4 49. Kxc4 Bd2 50. Kd4 Bxb4 51. Ke5 Kd7 52. f5 Bd6+ 0-1

[Event "Buenos Aires Bandera Rosario"]
[Site "Buenos Aires"]
[Date "2023.06.22"]
[Round "8"]
[White "Perez Candelas, Andres Eloy"]
[Black "Larrea, Manuel"]
[Result "1/2-1/2"]
[WhiteElo "2180"]
[BlackElo "2289"]
[PlyCount "30"]
[EventDate "2023.06.19"]
[EventType "tourn"]
[EventRounds "9"]
[EventCountry "ARG"]
[EventCategory "2"]
[SourceTitle "CBM 215 Extra"]
[Source "ChessBase"]
[SourceDate "2023.09.30"]
[SourceVersion "1"]
[SourceVersionDate "2023.09.30"]
[SourceQuality "1"]

1. e4 c5 2. Nf3 Nc6 3. c3 Nf6 4. e5 Nd5 5. d4 cxd4 6. cxd4 d6 7. exd6 Qxd6 8. Nc3 Bg4 9. Be2 e6 10. h3 Bh5 11. 0-0 Be7 12. Qb3 0-0 13. Nxd5 exd5 14. Be3 Bf6 15. Rac1 Bxf3 1/2-1/2

[Event "Buenos Aires Bandera Rosario"]
[Site "Buenos Aires"]
[Date "2023.06.21"]
[Round "6"]
[White "Ibarra, Juan Martin"]
[Black "Larrea, Manuel"]
[Result "1/2-1/2"]
[WhiteElo "2256"]
[BlackElo "2289"]
[PlyCount "95"]
[EventDate "2023.06.19"]
[EventType "tourn"]
[EventRounds "9"]
[EventCountry "ARG"]
[EventCategory "2"]
[SourceTitle "CBM 215 Extra"]
[Source "ChessBase"]
[SourceDate "2023.09.30"]
[SourceVersion "1"]
[SourceVersionDate "2023.09.30"]
[SourceQuality "1"]

1. e4 c5 2. Nf3 Nc6 3. Bb5 g6 4. 0-0 Bg7 5. c3 Nf6 6. Re1 0-0 7. d4 d5 8. e5 Ne4 9. Bxc6 bxc6 10. Be3 Qb6 11. Qc1 c4 12. Nbd2 Nxd2 13. Nxd2 Bf5 14. b3 Bd3 15. Qd1 Qa5 16. bxc4 dxc4 17. Nb3 Qxc3 18. Nc5 Qa3 19. Qf3 Rac8 20. Bg5 Rfe8 21. Rad1 Qxa2 22. h4 Qb2 23. Qf4 Rcd8 24. Nxd3 cxd3 25. Rxd3 f6 26. Bh6 fxe5 27. Qe3 Rxd4 28. Bxg7 Rxd3 29. Qxd3 Kxg7 30. Qg3 Rf8 31. Rxe5 Rf7 32. Qe3 Qb6 33. Qe1 Qd4 34. Re4 Qf6 35. g3 h5 36. Re6 Qf3 37. Qa1+ Kh7 38. Qxa7 Qd1+ 39. Kh2 Qf3 40. Rxe7 Rxe7 41. Qxe7+ Kg8 42. Qe8+ Kg7 43. Qd7+ Kg8 44. Kg1 Kf8 45. Qd6+ Kf7 46. Qd7+ Kf8 47. Qd4 Kf7 48. Qd7+ 1/2-1/2

[Event "Asuncion zt 2.5"]
[Site "Asuncion"]
[Date "2023.03.11"]
[Round "9"]
[White "Alarcon, Jose"]
[Black "Larrea, Manuel"]
[Result "0-1"]
[WhiteElo "2023"]
[BlackElo "2323"]
[PlyCount "224"]
[EventDate "2023.03.05"]
[EventType "swiss"]
[EventRounds "9"]
[EventCountry "PAR"]
[SourceTitle "CBM 213 Extra"]
[Source "ChessBase"]
[SourceDate "2023.05.31"]
[SourceVersion "1"]
[SourceVersionDate "2023.05.31"]
[SourceQuality "1"]

1. d4 Nf6 2. c4 g6 3. Nc3 Bg7 4. e4 d6 5. Nf3 0-0 6. Be2 e5 7. 0-0 Nc6 8. d5 Ne7 9. Be3 Ng4 10. Bd2 f5 11. a4 Nf6 12. Bg5 h6 13. Bxf6 Bxf6 14. a5 c5 15. dxc6 bxc6 16. Qd2 Bg7 17. exf5 gxf5 18. Rfd1 Rb8 19. Ra2 e4 20. Ne1 d5 21. Nc2 Be6 22. Nd4 Bf7 23. cxd5 cxd5 24. a6 Qb6 25. Ncb5 Rbc8 26. Ra3 Be5 27. f4 Bg7 28. Kh1 Be8 29. h3 Bxb5 30. Nxb5 d4 31. Qb4 d3 32. Bxd3 exd3 33. Qxe7 Qxb5 34. Raxd3 Rf7 35. Qe6 Qe8 36. Qb3 Kh7 37. Rd6 Rfc7 38. Re6 Qh5 39. Rdd6 Qh4 40. Qe3 Rc1+ 41. Kh2 R8c7 42. Rg6 Re1 43. Qg3 Qxg3+ 44. Rxg3 Bxb2 45. Rd5 Rf7 46. Rb3 Bc1 47. g3 Re3 48. Rb7 Re2+ 49. Kg1 Rxb7 50. axb7 Rb2 51. Rd7+ Kg6 52. Kf1 Be3 53. Rd6+ Kg7 54. Rd3 Bc5 55. Rd5 Be7 56. Rd7 Kf6 57. b8Q Rxb8 58. Rxa7 Ke6 59. Ra6+ Bd6 60. Ra5 h5 61. g4 hxg4 62. hxg4 fxg4 63. Rg5 Bxf4 64. Rxg4 Kf5 65. Rg2 Ke4 66. Ra2 Be3 67. Ke2 Rg8 68. Ra4+ Bd4 69. Ra3 Rg2+ 70. Kd1 Be3 71. Ra8 Rd2+ 72. Ke1 Rd7 73. Ke2 Rd2+ 74. Ke1 Rg2 75. Kd1 Bd4 76. Ra3 Bb2 77. Rb3 Kd4 78. Ke1 Bc3+ 79. Kf1 Rc2 80. Rb7 Ra2 81. Rh7 Kd3 82. Rh3+ Kc4 83. Rh7 Bd4 84. Rh3 Be5 85. Rh4+ Kd3 86. Rh3+ Ke4 87. Ke1 Bf4 88. Rb3 Be3 89. Rb7 Kf3 90. Rf7+ Bf4 91. Kd1 Rd2+ 92. Ke1 Rc2 93. Rd7 Rc3 94. Rd1 Rc7 95. Rb1 Rd7 96. Rb3+ Be3 97. Rb2 Rc7 98. Rb1 Rc2 99. Kd1 Rd2+ 100. Ke1 Rh2 101. Kd1 Bd4 102. Rb3+ Ke4 103. Ke1 Be3 104. Kd1 Kd4 105. Ke1 Bd2+ 106. Kf1 Bc3 107. Kg1 Ra2 108. Rb7 Ke3 109. Rh7 Bd4 110. Kh1 Be5 111. Rb7 Kf3 112. Rb3+ Kf2 0-1

[Event "Montevideo Duchamp Cup 6th"]
[Site "Montevideo"]
[Date "2023.02.05"]
[Round "3"]
[White "Larrea, Manuel"]
[Black "Strikovic, Aleksa"]
[Result "0-1"]
[WhiteElo "2291"]
[BlackElo "2450"]
[PlyCount "66"]
[EventDate "2023.02.03"]
[EventType "swiss"]
[EventRounds "9"]
[EventCountry "URU"]
[SourceTitle "CBM 212 Extra"]
[Source "ChessBase"]
[SourceDate "2023.03.31"]
[SourceVersion "1"]
[SourceVersionDate "2023.03.31"]
[SourceQuality "1"]

1. e4 e5 2. Nf3 Nc6 3. Bc4 Bc5 4. c3 Nf6 5. d3 d6 6. a4 a5 7. 0-0 0-0 8. h3 Be6 9. Nbd2 d5 10. exd5 Bxd5 11. Re1 Bxc4 12. Nxc4 e4 13. dxe4 Qxd1 14. Rxd1 Nxe4 15. Be3 Rfd8 16. Re1 f6 17. Nd4 Bxd4 18. Bxd4 Nxd4 19. Rxe4 Nb3 20. Rae1 b6 21. Re7 Rac8 22. Ne3 Kf8 23. Re4 Nc5 24. Rh4 h6 25. Rc4 Rd2 26. b4 axb4 27. cxb4 Nxa4 28. Rec1 Rd7 29. Nf5 Nb2 30. Rc6 Nd3 31. R1c3 Nxb4 32. Rxb6 Rd1+ 33. Kh2 Nd5 0-1

[Event "Montevideo Integracion 2nd"]
[Site "Montevideo"]
[Date "2022.12.03"]
[Round "8"]
[White "Larrea, Manuel"]
[Black "Coppola, Claudio"]
[Result "1-0"]
[WhiteElo "2227"]
[BlackElo "2302"]
[PlyCount "162"]
[EventDate "2022.11.28"]
[EventType "tourn"]
[EventRounds "9"]
[EventCountry "URU"]
[EventCategory "3"]
[SourceTitle "CBM 211 Extra"]
[Source "ChessBase"]
[SourceDate "2023.01.31"]
[SourceVersion "1"]
[SourceVersionDate "2023.01.31"]
[SourceQuality "1"]

1. e4 c5 2. Nf3 d6 3. d4 cxd4 4. Nxd4 Nf6 5. Nc3 g6 6. Be3 a6 7. f3 Nbd7 8. Qd2 h5 9. 0-0-0 b5 10. Bg5 Bb7 11. Bd3 Rc8 12. Rhe1 Bg7 13. h3 Ne5 14. Nd5 Bxd5 15. exd5 Nxd5 16. f4 Nxd3+ 17. Qxd3 Qc7 18. Re2 Qc4 19. Qxc4 bxc4 20. Nf5 gxf5 21. Rxd5 f6 22. Bh4 Kd7 23. Rxf5 Rb8 24. Ra5 Rb6 25. Re4 Rc6 26. f5 Rb8 27. Bg3 Rb5 28. Rxb5 axb5 29. Rh4 Bh6+ 30. Kd1 c3 31. bxc3 Rxc3 32. Be1 Ra3 33. Rxh5 Be3 34. Rh8 Rxa2 35. h4 Ra4 36. Ke2 Bc1 37. h5 Rf4 38. h6 Rxf5 39. g4 Re5+ 40. Kd1 Bxh6 41. Rxh6 Rg5 42. Rh4 f5 43. gxf5 Rxf5 44. Rh7 Re5 45. Bh4 d5 46. Kd2 Re4 47. Kd3 Kd6 48. c3 Kd7 49. Bf6 Kd6 50. Bd4 Re6 51. Rh8 Kc7 52. Ra8 Re4 53. Re8 Re6 54. Kc2 Re2+ 55. Kd3 Re4 56. Bf2 b4 57. cxb4 Rxb4 58. Rxe7+ Kd6 59. Rh7 Rb3+ 60. Kd4 Rb4+ 61. Kc3 Rc4+ 62. Kd3 Rg4 63. Rh5 Rg2 64. Rh6+ Kd7 65. Bc5 Rg5 66. Rd6+ Kc7 67. Rf6 Rh5 68. Bf2 Rg5 69. Kd4 Rg4+ 70. Kc5 Rc4+ 71. Kxd5 Rc1 72. Rf7+ Kb8 73. Bc5 Rd1+ 74. Kc6 Kc8 75. Ra7 Rb1 76. Rc7+ Kd8 77. Rd7+ Kc8 78. Rf7 Rd1 79. Rf4 Rd3 80. Bd4 Kd8 81. Re4 Rf3 1-0

[Event "Montevideo Integracion 2nd"]
[Site "Montevideo"]
[Date "2022.12.01"]
[Round "5"]
[White "Munoz Perez, Rolando"]
[Black "Larrea, Manuel"]
[Result "0-1"]
[WhiteElo "2171"]
[BlackElo "2227"]
[PlyCount "90"]
[EventDate "2022.11.28"]
[EventType "tourn"]
[EventRounds "9"]
[EventCountry "URU"]
[EventCategory "3"]
[SourceTitle "CBM 211 Extra"]
[Source "ChessBase"]
[SourceDate "2023.01.31"]
[SourceVersion "1"]
[SourceVersionDate "2023.01.31"]
[SourceQuality "1"]

1. d4 Nf6 2. Nf3 g6 3. c4 Bg7 4. Nc3 0-0 5. Bg5 d6 6. e3 c6 7. Qc2 a6 8. h3 b5 9. a3 Nbd7 10. Be2 Bb7 11. 0-0 bxc4 12. Bxc4 c5 13. Be2 Rc8 14. Rfd1 cxd4 15. exd4 Ne4 16. Be3 Nxc3 17. bxc3 Qa5 18. Re1 e5 19. Qb2 Rb8 20. Qd2 Nf6 21. Bh6 Rbc8 22. Bxg7 Kxg7 23. dxe5 dxe5 24. c4 Qc5 25. Qb2 Bxf3 26. Bxf3 Rfd8 27. Rab1 Rd4 28. Be2 Ne4 29. Qb4 Rd2 30. Qxc5 Rxc5 31. Bf3 Nxf2 32. Bd5 f5 33. Rb7+ Kf6 34. Rf1 Nd1 35. Rf7+ Kg5 36. Rxh7 e4 37. h4+ Kg4 38. Rg7 Ne3 39. Rxg6+ Kh5 40. Bf7 Nxf1 41. Rc6+ Kxh4 42. Rxc5 Ne3 43. Rc8 Rxg2+ 44. Kh1 Kg3 45. Rg8+ Ng4 0-1

[Event "Montevideo Integracion 2nd"]
[Site "Montevideo"]
[Date "2022.11.30"]
[Round "3"]
[White "Carbone, Diego"]
[Black "Larrea, Manuel"]
[Result "1-0"]
[WhiteElo "2316"]
[BlackElo "2227"]
[PlyCount "89"]
[EventDate "2022.11.28"]
[EventType "tourn"]
[EventRounds "9"]
[EventCountry "URU"]
[EventCategory "3"]
[SourceTitle "CBM 211 Extra"]
[Source "ChessBase"]
[SourceDate "2023.01.31"]
[SourceVersion "1"]
[SourceVersionDate "2023.01.31"]
[SourceQuality "1"]

1. d4 Nf6 2. c4 g6 3. g3 Bg7 4. Bg2 0-0 5. Nc3 d6 6. Nf3 Nc6 7. 0-0 a6 8. b3 Rb8 9. d5 Na5 10. Bg5 c5 11. dxc6 bxc6 12. c5 d5 13. Rc1 Bf5 14. Bf4 Rb7 15. Na4 Ne4 16. Qe1 Rb5 17. Nh4 e5 18. Nxf5 gxf5 19. Bd2 Nb7 20. b4 a5 21. a3 axb4 22. axb4 Nxd2 23. Qxd2 e4 24. Bh3 f4 25. gxf4 f5 26. e3 Qh4 27. Bg2 Rf6 28. Kh1 Rh6 29. h3 Nd8 30. Nb6 d4 31. exd4 Ne6 32. Rc3 Rxb4 33. Rg3 Rxd4 34. Qa2 Qxf4 35. Rg1 Qe5 36. Bf1 Kf8 37. Qa8+ Rd8 38. Qxc6 Nxc5 39. Qb5 Nd3 40. Nd7+ Rxd7 41. Qxd7 Nxf2+ 42. Kg2 Nxh3 43. Qd8+ Qe8 44. Qxe8+ Kxe8 45. Rxh3 1-0

[Event "Titled Tuesday intern op 12th Apr Early"]
[Site "Chess.com INT"]
[Date "2022.04.12"]
[Round "10"]
[White "Larrea, Manuel"]
[Black "Stelmaszyk, Nico"]
[Result "1-0"]
[WhiteElo "2227"]
[BlackElo "2293"]
[PlyCount "83"]
[EventDate "2022.04.12"]
[EventType "swiss (blitz)"]
[EventRounds "11"]
[EventCountry "USA"]
[SourceTitle "CBM 207 Extra"]
[Source "ChessBase"]
[SourceDate "2022.05.31"]
[SourceVersion "1"]
[SourceVersionDate "2022.05.31"]
[SourceQuality "1"]

1. e4 e5 2. Nf3 Nf6 3. Nxe5 Nxe4 4. d4 d5 5. Bd3 Nd7 6. Nxd7 Bxd7 7. 0-0 Bd6 8. c4 c6 9. Nc3 Nxc3 10. bxc3 0-0 11. Re1 Qh4 12. g3 Qh3 13. Bf1 Qg4 14. Qxg4 Bxg4 15. cxd5 cxd5 16. Bg2 Be6 17. Rb1 b6 18. Rb5 Rad8 19. a4 Bc7 20. Ba3 Rfe8 21. a5 bxa5 22. Bc5 Rb8 23. Rxb8 Rxb8 24. Bxa7 Ra8 25. Bc5 h6 26. c4 Rd8 27. cxd5 Bxd5 28. Bxd5 Rxd5 29. Re8+ Kh7 30. Rc8 Bd8 31. Kg2 Bf6 32. Ra8 h5 33. Kf3 g6 34. Ke4 Rf5 35. f4 Bg7 36. Rxa5 Rf6 37. Ra7 Kg8 38. Ra8+ Kh7 39. Ra7 Kg8 40. Rd7 Re6+ 41. Kf3 Re7 42. Rxe7 1-0

[Event "Montevideo Duchamp Cup 5th"]
[Site "Montevideo"]
[Date "2022.02.14"]
[Round "4"]
[White "Larrea, Manuel"]
[Black "Barandiaran, Gabriel"]
[Result "1-0"]
[WhiteElo "2226"]
[BlackElo "1878"]
[PlyCount "77"]
[EventDate "2022.02.12"]
[EventType "swiss"]
[EventRounds "9"]
[EventCountry "URU"]
[SourceTitle "CBM 206 Extra"]
[Source "ChessBase"]
[SourceDate "2022.03.31"]
[SourceVersion "1"]
[SourceVersionDate "2022.03.31"]
[SourceQuality "1"]

1. e4 e5 2. Nf3 Nc6 3. Bc4 Bc5 4. c3 Nf6 5. d3 a6 6. 0-0 0-0 7. d4 Be7 8. d5 Nb8 9. Bd3 d6 10. b4 Nbd7 11. Nbd2 c5 12. a4 Qc7 13. a5 Re8 14. Re1 Rb8 15. Nc4 cxb4 16. cxb4 Nxe4 17. Rxe4 f5 18. Re1 e4 19. Bg5 Nf6 20. Nd4 exd3 21. Bxf6 Qxc4 22. Bxe7 Qxd4 23. Bxd6 Bd7 24. Bxb8 Rxb8 25. Qf3 Rc8 26. h4 g6 27. h5 Rc3 28. Qe3 Qxd5 29. Qe7 Bc6 30. Qg5 Qd6 31. h6 Rc4 32. Qd2 Qd5 33. f3 Rc2 34. Qe3 Re2 35. Rxe2 dxe2 36. Re1 Bb5 37. Qc3 Qd7 38. Kf2 Qe7 39. Qd4 1-0